Physique - Chimie: les Atomes et ses composants. - Statistiques

Statistiques générales
  • Ce quiz a été pris 1 142 fois
  • Le résultat moyen est 8 sur 11
Statistiques - réponses
Question Réponse % Correct
Quel est le nom donné aux atomes dotés de charges électriques Positives / Négatives? Les Ions.
93%
Quelles sont les charges électriques respectives des Protons, des Neutrons ainsi que des Électrons? Positive / Neutre / Négative.
93%
Quel est le nom donné aux particules présentes au sein du Noyau d'un Atome? Les Nucléons.
89%
Où se concentre principalement la masse d'un atome (Note: cet élément est approximativement 2000 fois plus massif que l'autre)? Le Noyau (plus massif que les Électrons).
88%
Combien y a- t - il de Protons en comparaison avec le nombre d' Électrons au sein de l' Atome? Autant. ( Charge de l' Atome Neutre).
81%
De quoi est constitué le noyau d'un atome? De Protons et de Neutrons.
81%
Quel est l' Atome le plus léger et le plus abondant de l' Univers? L' Hydrogène.
72%
Au sein du Tableau Périodique des éléments, quelle lettre représente le numéro atomique (= nombre de protons) d'un Atome? Z.
72%
Que représente la lettre A au sein du Tableau Périodique? Le Nombre de Masse.
51%
Quel est le nom donné à la représentation au sein de laquelle nous représentons un grand espace de vide entre le Noyau et les Électrons? Structure Lacunaire.
40%
Au contraire, quel est l' élément le plus lourd du Monde? L' Uranium.
35%
Aucun quiz correspondant
Distribution des résultats
% des personnes avec chaque résultat
Percentile par nombre de réponses
Votre historique - résultats
Vous n’avez pas pris ce quiz